Statistics for British Trade Unionism and Cooperation 1780-1870

Click here to take the quiz!

General Stats

  • This quiz has been taken 7 times
  • The average score is 20 of 33

Answer Stats

QuestionAnswer% Correct
Year of Robert Owen's purchase of New Lanark1799
100%
Nationality of workers who made striking union workers replaceableIrish
100%
Minimum age of New Lanark workers10
75%
Number of children in Robert Owen's New Lanark school100
75%
Number of people prosecuted per year under the Master and Servant Act, 1858-7510,000
75%
Number of trade union members by 18741,000,000
75%
Number of GNCTU members1,000,000
75%
Maximum working day at New Lanark (hours)12
75%
Number of people who paid membership to GNCTU16,000
75%
Year in which the Corn Laws were introduced1815
75%
Profit made over 29 years by New Lanark£300,000
75%
The percentage of England’s population that was in Friendly Societies by 18038
75%
Percentage of NMU funds invested back for workers99
75%
Name of the disastrous strike in 1834, which resulted in the firing of all those who strikedDerby Lockout
75%
Name of the TUC newspaperThe Beehive
75%
Name of the cooperative newspaper published from 1827-29The Cooperator
75%
Number of Cooperative stores by mid 1850s1,000
50%
Number of trade union members by 1850100,000
50%
Number of people convicted under the 1799 and 1800 combination acts10-15
50%
Proportion of population insured by Friendly societies by 18151/3
50%
Year of the Russian Tsar's visit to New Lanark1810
50%
Value of Cooperative property by the mid 70s£300,000
50%
Members of the Amalgamated Society of Engineers (ASE) in 186133,000
50%
Ratio of Friendly societies : Trade Unions by 18704:1
50%
Number of Cooperative stores by 1832500
50%
Person who felt that the ASE was an ‘Aristocracy of Labour’ which ignored the working classesLenin
50%
Name of the Government office friendly societies had to register with by 1846The Registrar of Friendly Societies
50%
Concept involving the profits from cooperative shops being reinvested into the local community thus benefiting the communityVirtuous Cycle
50%
Could Women vote in the Rochdale SocietyYes
50%
Year of the Friendly Societies Act that meant Friendly Societies had to register with local Justices of the Peace1793
25%
Did the Rochdale Society supply credit to their customers?No
25%
What did the NMU for Builders go on strike for in 1859-60?Piecework
25%
By 1868, the Cooperative Wholesale Society was trading with Australia and which other continent?South America
25%

Score Distribution

Percentile by Number Answered

Percent of People with Each Score

Your Score History

You have not taken this quiz